01190nam a2200265 a 4500001001000000005001700010008004100027041000800068044000800076084002000084100004500104245013700149260002800286300002200314500014200336500012500478500001000603546002400613650005200637650005600689650003400745650004500779700005000824740005000874BRCA_328020190320204212.0130309s1853----enka---###---#000-0#eng-# aeng aenk a582b.L56c18531 aCervantes Saavedra, Miguel ded1547-161610aThe History and Adventures of the Renowned Don QuixotecTranslated from the Spanish of Miguel de Cervantes Saavedra by Dr. Smollett. aLondresbLingburnc1853 a2 v.bil.c13 cm. aContenido : v.1. Primera parte. Introducción del traductor. Prólogos a la primera y segunda partes. 1853. -- v.2. Segunda parte. 1858 aReproducción de la traducción de Smollett. Edición económica. Tela; lomos adornados con dorados Lúdovik Osterc aQM870 aTexto en : inglés14aNovela españolayÉpoca clásica, 1500-170014aLiteratura españolayÉpoca clásica, 1500-170014aNovela españolaySiglo XVII14aDon Quijote (Personaje ficticio)eNovela1 aSmollett, Tobias Georged1721-1771eTraductor0 aEl Ingenioso Hidalgo Don Quijote de la Mancha